Spain-- Weird General Knowledge - Statistics

General Stats
  • This quiz has been taken 30 times
  • The average score is 3 of 10
Answer Stats
Question Answer % Correct
How many official languages does Spain have not including Spanish? 5
96%
What animal is the Spanish equivalent to a tooth fairy? A rat
46%
What is the festival known for being the largest tomato fight in the world called? La Tomatina
42%
There's a limit the number of what furry companion(s) you can walk at the same time? Dog
38%
What percentage of people in Spain are catholic? Over 70%
38%
How many UNESCO heritage sites does Spain have? 48
15%
What year was the legal marriage age in Spain changed from 14 years old to 16? 2015
8%
In Madrid, between what times are you not allowed to ask for the time? 3:39 PM and 6:47 PM
4%
What do some Spanish people do to show they enjoy a meal? Drop their napkins
0%
What is the festival in which relatives carry people who have experienced near-death experiences called? Festival of Santa Marta de Ribarteme
0%
No matching quizzes found
Score Distribution
Percent of People with Each Score
Percentile by Number Answered
Your Score History
You have not taken this quiz